<?xml version="1.0" encoding="UTF-8"?>
<marc:record xmlns:marc="http://www.loc.gov/MARC21/slim">
   <marc:leader>00000nam a2200000 a 4500</marc:leader>
   <marc:datafield ind1="1" ind2=" " tag="100">
      <marc:subfield code="a">Hoffmann, Dr. Heinrich</marc:subfield>
      <marc:subfield code="4">aut</marc:subfield>
      <marc:subfield code="e">Verfasser/-in</marc:subfield>
   </marc:datafield>
   <marc:datafield ind1="0" ind2="0" tag="245">
      <marc:subfield code="a">Der Struwwelpeter</marc:subfield>
   </marc:datafield>
   <marc:datafield ind1=" " ind2="1" tag="264">
      <marc:subfield code="b">Schwager &amp; Steinlein</marc:subfield>
   </marc:datafield>
   <marc:datafield ind1="1" ind2=" " tag="520">
      <marc:subfield code="a">
Die Geschichte vom bösen Friedrich - Die gar traurige Geschichte mit dem Feuerzeug - Die Geschichte von den schwarzen Buben -  Die Geschichte vom wilden Jäger - Die Geschichte vom Daumenlutscher - Die Geschichte vom Suppen-Kasper -  Die Geschichte vom Zappel-Philipp -  Die Geschichte vom Hans Guck-in-die-Luft - Die Geschichte vom fliegenden Robert</marc:subfield>
   </marc:datafield>
   <marc:datafield ind1=" " ind2=" " tag="020">
      <marc:subfield code="a">9783849901363</marc:subfield>
      <marc:subfield code="9">9783849901363</marc:subfield>
   </marc:datafield>
</marc:record>
